Statistics for All Matches Between European Teams in 2014 FIFA World Cup

Click here to take the quiz!

General Stats

  • This quiz has been taken 406 times
  • The average score is 11 of 12

Answer Stats

ResultAnswer% Correct
Portugal 0 - 4Germany
99%
France 0 - 1Germany
99%
Switzerland 2 - 5France
97%
Germany 1 - 0France
97%
Netherlands 5 - 1Spain
97%
Spain 1 - 5Netherlands
96%
Germany 4 - 0Portugal
95%
England 1 - 2Italy
94%
Italy 2 - 1England
93%
Russia 0 - 1Belgium
90%
France 5 - 2Switzerland
86%
Belgium 1 - 0Russia
79%

Score Distribution

Percentile by Number Answered

Percent of People with Each Score

Your Score History

You have not taken this quiz